El espantapájaros y su sirviente / (Registro nro. 3792)
[ vista simple ]
| 000 -LEADER | |
|---|---|
| fixed length control field | 01376nam a2200301Ia 4500 |
| 003 - CONTROL NUMBER IDENTIFIER | |
| control field | OSt |
| 005 - DATE AND TIME OF LATEST TRANSACTION | |
| control field | 20250801150343.0 |
| 008 - FIXED-LENGTH DATA ELEMENTS--GENERAL INFORMATION | |
| fixed length control field | 191128s9999 xx 000 0 und d |
| 020 ## - INTERNATIONAL STANDARD BOOK NUMBER | |
| International Standard Book Number | 9788466601993 |
| 040 ## - CATALOGING SOURCE | |
| Original cataloging agency | CO-JMCR |
| Transcribing agency | CO-JMCR |
| 041 ## - LANGUAGE CODE | |
| Language code of text/sound track or separate title | spa |
| 082 ## - DEWEY DECIMAL CLASSIFICATION NUMBER | |
| Classification number | J-C |
| Item number | PULe |
| 100 ## - MAIN ENTRY--PERSONAL NAME | |
| Personal name | Pullman, Philip, |
| Relator term | autor |
| 9 (RLIN) | 4772 |
| 245 #0 - TITLE STATEMENT | |
| Title | El espantapájaros y su sirviente / |
| 245 #0 - TITLE STATEMENT | |
| Statement of responsibility, etc. | Philip Pullman ; ilustraciones de Peter Bailey ; traducción de Pedro Riera y Rosa Martí |
| 250 ## - EDITION STATEMENT | |
| Edition statement | 1a. Edición |
| 260 ## - PUBLICATION, DISTRIBUTION, ETC. | |
| Place of publication, distribution, etc. | Bogotá ; |
| Name of publisher, distributor, etc. | Ediciones B, |
| Date of publication, distribution, etc. | 2008 |
| 300 ## - PHYSICAL DESCRIPTION | |
| Extent | 222 páginas ; |
| Other physical details | ilustraciones a blanco y negro, |
| Dimensions | 22 cm. |
| 440 ## - SERIES STATEMENT/ADDED ENTRY--TITLE | |
| Title | Escritura desatada |
| 9 (RLIN) | 4773 |
| 500 ## - GENERAL NOTE | |
| General note | A partir de 10 años |
| 505 ## - FORMATTED CONTENTS NOTE | |
| Formatted contents note | El relámpago -- Los bandidos -- Un relato junto al fuego -- Actores ambulantes -- Espantapájaros de alquiler -- Serenata -- El carro del adivino -- El orgullo del regimiento |
| 520 ## - SUMMARY, ETC. | |
| Summary, etc. | Tengo una propuesta que hacerte. Aquí estamos los dos: tú, un joven honrado y de buen corazón, y yo, un espantapájaros con talento y espíritu emprendedor. ¿Qué me dirías si te pidiera que fueras mi sirviente? |
| 534 ## - ORIGINAL VERSION NOTE | |
| Introductory phrase | The scarecrow and his servant |
| 546 ## - LANGUAGE NOTE | |
| Language note | Traducido del inglés |
| 650 ## - SUBJECT ADDED ENTRY--TOPICAL TERM | |
| Topical term or geographic name entry element | Cuentos juveniles |
| 9 (RLIN) | 607 |
| 700 ## - ADDED ENTRY--PERSONAL NAME | |
| Personal name | Bailey, Peter, ilustrador ; Riera S., Pedro, traductor ; Martí, Rosa, traductora |
| 9 (RLIN) | 4774 |
| 942 ## - ADDED ENTRY ELEMENTS (KOHA) | |
| Source of classification or shelving scheme | Dewey Decimal Classification |
| Koha item type | Books |
| Withdrawn status | Lost status | Source of classification or shelving scheme | Materials specified (bound volume or other part) | Damaged status | Not for loan | Home library | Current library | Date acquired | Source of acquisition | Cost, normal purchase price | Total Checkouts | Total Renewals | Full call number | Barcode | Date last seen | Date last checked out | Copy number | Koha item type |
|---|---|---|---|---|---|---|---|---|---|---|---|---|---|---|---|---|---|---|
| Dewey Decimal Classification | Donación--25/02/2019-- | Biblioteca Pública José María del Castillo y Rada | Biblioteca Pública José María del Castillo y Rada | 11/28/2019 | Donación | 0.00 | 8 | 5 | J-C PULe | 201808239 | 06/23/2023 | 06/05/2023 | Ej.1 | Books |